50 films à remplir - 2001 - Statistiques

Statistiques générales
  • Ce quiz a été pris 252 fois
    199 depuis la dernière actualisation
  • Le résultat moyen est 38 sur 50
Statistiques - réponses
Hint Réponse % Correct
Jurassic ... III Park
97%
... Intelligence Artificielle A.I.
96%
Le fabuleux ... d'Amélie Poulain Destin
95%
... Harbor Pearl
95%
La Planète des ... Singes
95%
Harry Potter à l'école des ... Sorciers
95%
La ... si je mens ! 2 Vérité
95%
... & Cie Monstres
94%
... Pie 2 American
93%
La Tour Montparnasse ... Infernale
93%
No Man's ... Land
93%
Les ... Mages Rois
93%
... Movie 2 Scary
93%
Lara Croft: ... Raider Tomb
93%
Le ... de Chihiro Voyage
93%
Le Seigneur des Anneaux : la ... de l'Anneau Communauté
92%
Ocean's ... Eleven
90%
Le Journal de ... Jones Bridget
88%
Les ... en Amérique Visiteurs
87%
Wasabi (La petite ... qui monte au nez) Moutarde
84%
Training ... Day
83%
Sur mes ... Lèvres
83%
Atlantide, l'empire ... Perdu
82%
La Revanche d'une ... Blonde
80%
Une ... a fait le printemps Hirondelle
80%
Ma Femme est une ... Actrice
78%
Le Pacte des ... Loups
78%
... je suis Sam Sam
78%
... Island Expressway (L.I.E.) Long
77%
The Barber : ... qui n'était pas là L'homme
75%
Le ... de la Momie Retour
75%
La Chute du ... noir Faucon
74%
Le ... mortel du dragon Baiser
73%
... Rouge ! Moulin
73%
De l'eau tiède sous un ... rouge Pont
71%
Belphégor, le ... du Louvre Fantôme
70%
... Shrek
69%
... Succo Roberto
67%
Un ... d'exception Homme
65%
Y ... mamá también Tu
64%
... Drive Mullholand
62%
... Darko Donnie
60%
Selon ... Matthieu
59%
L'Anglaise et le ... Duc
54%
Cowboy ... Bebop
53%
... Profond Bleu
46%
Le ... Placard
42%
Sous le ... ! Silence
35%
Avril ... Brisé
28%
La Chambre du ... Fils
26%
Aucun quiz correspondant
Distribution des résultats
% des personnes avec chaque résultat
Percentile par nombre de réponses
Votre historique - résultats
Vous n’avez pas pris ce quiz depuis la dernière actualisation